Peppa Pig! - Statistics

General Stats
  • This quiz has been taken 1,055 times
  • The average score is 6 of 8
Answer Stats
Hint Answer % Correct
What Is Peppa Pig's Brother Called? George
98%
What Colour Is The Car? Red
93%
How Many People Live In The House (not including the fish) 4
89%
What is Georges Favourite Toy? Dinosaur
77%
What is Peppas Favourite Toy? Teddy
75%
What is Peppas teacher called? madam gazelle
45%
What Is Peppa Pig's Favourite Food? Chocolate Cake
42%
What Is Peppa Pig`s Best Friend? Susie Sheep
42%
No matching quizzes found
Score Distribution
Percent of People with Each Score
Percentile by Number Answered
Your Score History
You have not taken this quiz